Energy Effectiveness Strategic Objectives, Energy and Water at the Heart of Enterprise /

This book describes practical ways to understand energy and water use in organizations and then manage or control that use, thereby reducing risk and cost. The author presents a strategic framework to focus on the types of questions that should be addressed internally, Including evaluation of potent...

Full description

Bibliographic Details
Main Author: McCardell, Sandra (Author, http://id.loc.gov/vocabulary/relators/aut)
Corporate Author: SpringerLink (Online service)
Format: Electronic eBook
Language:English
Published: Cham : Springer International Publishing : Imprint: Springer, 2018.
Edition:1st ed. 2018.
Subjects:
Online Access:Full Text via HEAL-Link
LEADER 04053nam a2200505 4500
001 978-3-319-90255-5
003 DE-He213
005 20191021172129.0
007 cr nn 008mamaa
008 180619s2018 gw | s |||| 0|eng d
020 |a 9783319902555  |9 978-3-319-90255-5 
024 7 |a 10.1007/978-3-319-90255-5  |2 doi 
040 |d GrThAP 
050 4 |a TJ807-830 
072 7 |a THX  |2 bicssc 
072 7 |a TEC031010  |2 bisacsh 
072 7 |a THV  |2 thema 
082 0 4 |a 621.042  |2 23 
100 1 |a McCardell, Sandra.  |e author.  |4 aut  |4 http://id.loc.gov/vocabulary/relators/aut 
245 1 0 |a Energy Effectiveness  |h [electronic resource] :  |b Strategic Objectives, Energy and Water at the Heart of Enterprise /  |c by Sandra McCardell. 
250 |a 1st ed. 2018. 
264 1 |a Cham :  |b Springer International Publishing :  |b Imprint: Springer,  |c 2018. 
300 |a XIV, 238 p. 101 illus., 90 illus. in color.  |b online resource. 
336 |a text  |b txt  |2 rdacontent 
337 |a computer  |b c  |2 rdamedia 
338 |a online resource  |b cr  |2 rdacarrier 
347 |a text file  |b PDF  |2 rda 
505 0 |a Chapter 1. Introduction -- Part I.The Context -- Chapter 2.Energy Around the Globe -- Chapter 3.Managing in Organizations -- Chapter 4.The History of Energy Use -- Chapter5. Energy Flows and Water Flows; Types of Energy -- Part II. Organization and Energy -- Chapter 6.Energy Flows & Management Practices in Organizations -- Chapter 7.Energy Inside Organizations - the Four Fields -- Chapter 8. Benefits, Barriers, and Opportunities -- Chapter 9. Tools and Methodologies -- PArt III. Introducing and Using the Strategic Energy Effectiveness Framework (SEE) -- Chapter 10.-Energy and water in the System and for a Purpose -- Chapter 11. Utility Benefits and Risks -- Chapter 12. Utility Bill Analysis -- Chapter 13.External Assessment -- Chapter 14.Goals -- Chapter 16.Energy Business Plan -- Chapter 17.Implement and Manage the Plan -- Chapter 18. The Feedback Loop -- Part IV.Putting It All Together -- Chapter 19.The Strategic Energy Effectiveness Framework -- Chapter 20.Framework Checklists -- Chapter 21.Selected Resources. 
520 |a This book describes practical ways to understand energy and water use in organizations and then manage or control that use, thereby reducing risk and cost. The author presents a strategic framework to focus on the types of questions that should be addressed internally, Including evaluation of potential projects, planning and implementing energy projects, and evaluating results. The premise is that no modern organization can exist without energy, despite the fact that energy is also one of the mandatory inputs that receives little to no attention in most organizations. This work highlights methodologies and projects that illuminate ways in which energy management is central to an organization's success, considering in each case the four main determinants of energy use: People, Buildings, Equipment /Processes, and the Environment. The book constitutes a complete energy savings resource for business owners, middle managers, and building and energy managers, providing options, free tools, and flexible project templates. 
650 0 |a Renewable energy resources. 
650 0 |a Energy policy. 
650 0 |a Energy and state. 
650 0 |a Management. 
650 0 |a Industrial management. 
650 1 4 |a Renewable and Green Energy.  |0 http://scigraph.springernature.com/things/product-market-codes/111000 
650 2 4 |a Energy Policy, Economics and Management.  |0 http://scigraph.springernature.com/things/product-market-codes/112000 
650 2 4 |a Innovation/Technology Management.  |0 http://scigraph.springernature.com/things/product-market-codes/518000 
710 2 |a SpringerLink (Online service) 
773 0 |t Springer eBooks 
776 0 8 |i Printed edition:  |z 9783319902531 
776 0 8 |i Printed edition:  |z 9783319902548 
776 0 8 |i Printed edition:  |z 9783030079758 
856 4 0 |u https://doi.org/10.1007/978-3-319-90255-5  |z Full Text via HEAL-Link 
912 |a ZDB-2-ENE 
950 |a Energy (Springer-40367)